banner-ar

سياسات الاتصال فى العالم الثالث / (Record no. 34648)

MARC details
000 -الفاتح
حقل البيانات ثابتة الطول 00680nam a2200217Ia 4500
005 - وقت وتاريخ اخر تعامل مع التسجيلة
رقم الضبط 20240530102802.0
008 - عناصر البيانات ثابتة الطول - معلومات عامة
حقل البيانات ثابتة الطول 140319s9999 xx 000 0 ara d
040 ## - مصدر الفهرسة
وكالة الفهرسة الأصلية GCL /
وكالة النسخ GCL
082 04 - رقم تصنيف ديوى العشرى
رقم التصنيف 001.5
رقم المادة ل س
100 1# - المدخل الرئيسى - إسم شخصى
الإسم الشخصى ليلى عبدالمجيد
245 10 - بيان العنوان
العنوان سياسات الاتصال فى العالم الثالث /
بيان المسئوليه,etc ليلى عبدالمجيد
260 ## - PUBLICATION, DISTRIBUTION, ETC. (IMPRINT)
تاريخ النشر أو التوزيع 1986
300 ## - الوصف المادى
التعداد 158 ص
490 ## - بيان السلسلة
عنوان السلسلة سياسيات الاتصال وتشريعاتة
رقم المجلد/ التعيين التسلسلي 0
650 04 - المدخل الاضافى بالموضوع-مصطلح موضوعى
مصطلح موضوعي الاتصال
650 04 - المدخل الاضافى بالموضوع-مصطلح موضوعى
مصطلح موضوعي الاعلام
650 04 - المدخل الاضافى بالموضوع-مصطلح موضوعى
مصطلح موضوعي وسائل الاعلام
700 1# - المدخل الاضافى - اسم شخصى
الإسم الشخصى خليل صابات
942 ## - عناصر المدخل الإضافي( كوها)
مصدر التصنيف او مخطط الترفيف Dewey Decimal Classification
Koha [default] item type كتاب
260 ## - PUBLICATION, DISTRIBUTION, ETC. (IMPRINT)
-- [S.N] :
-- الطباعى العربى ،
Holdings
حالة التراجع حالة الفقد حالة تلف ليس للاعارة المكان المؤقت الموقع الحالى تاريخ الاكتساب اجمالي اﻻعارات رقم الطلب الباركود تاريخ اخر مشاهدة تاريخ تفعيل السعر نوع وعاء كوها
        مكتبة القاهرة الكبرى مكتبة القاهرة الكبرى 03/26/2014   001.5\ل س 82988 03/26/2014 03/26/2014 كتاب
        مكتبة القاهرة الكبرى مكتبة القاهرة الكبرى 03/26/2014   001.5\ل س 82989 03/26/2014 03/26/2014 كتاب

Powered By

EGPV